ABBA - Paroles Lay All Your Love on Me - Statistiques

Statistiques générales
  • Ce quiz a été pris 22 fois
  • Le résultat moyen est 182 sur 244
Statistiques - réponses
Hint Réponse % Correct
a
100%
A
100%
all
100%
go
100%
Lay
100%
love
100%
me
100%
on
100%
you
100%
you,
100%
your
100%
Pré-refrain I
94%
do?
94%
Refrain Don't
94%
don't
94%
emotion
94%
Couplet 1 I
94%
was
94%
wasting
88%
is
88%
wasting
88%
we
88%
before
76%
Pré-refrain But
76%
Couplet 2 It
76%
every
76%
isn't
76%
it
76%
It
76%
Now
76%
now
76%
see
76%
true
76%
And
71%
and
71%
beg
71%
devotion
71%
know
71%
met
71%
new
71%
nice
71%
threat
71%
wasn't
71%
When
71%
everything
65%
jealous
65%
my
65%
of
65%
only
65%
potential
65%
that
65%
what
65%
What
65%
woman
65%
has
59%
little
59%
sharing
59%
should
59%
smoking
59%
vice
59%
dear
53%
Couplet 3 I've
53%
easily
53%
feel
53%
have
53%
I'm
53%
I've
53%
kind
53%
near
53%
never
53%
so
53%
still
53%
stuck
53%
to
53%
with
53%
You've
53%
you've
53%
done
47%
fall
47%
fear
47%
heard
47%
learned
47%
like
47%
saying
47%
baby,
41%
duck
41%
overturned
41%
possessive,
41%
pride
41%
sitting
41%
the
41%
up
41%
can
35%
grown
35%
shooting
35%
They
35%
Unsatisfied,
35%
had
29%
skip
29%
small
29%
smile,
29%
talk,
29%
think
29%
affairs
24%
didn't
24%
few
24%
last
24%
long
24%
more
24%
pretty
24%
sensible
24%
used
24%
very
24%
Pré-refrain 'Cause
18%
even
18%
incomprehensible
18%
truth
18%
makes
12%
been
6%
scarce
6%
they've
6%
Aucun quiz correspondant
Distribution des résultats
% des personnes avec chaque résultat
Percentile par nombre de réponses
Votre historique - résultats
Vous n’avez pas pris ce quiz